000 01332nam a2200217Ia 4500
003 OSt
005 20250206102637.0
007 ca aa aaaaa
008 201103s9999 xx 000 0 und d
040 _cSSBUL
041 _abur
082 _223
_a၂၉၄.၃၆၅၇ မ
_b၉၃၁၂ S-SAT
245 0 0 _aမဟာဝိသုဒ္ဓါရုံ(ပါဠိတက္ကသိုလ်)ရွှေကျင်ကျောင်းတိုက်အောင်မြင်မှုနှင့်ကုသိုလ်ရှင်မှတ်တမ်း။
260 _aရန်ကုန် ၊
_bမဟာဝိသုဒ္ဓါရုံရွှေကျင်ကျောင်းတိုက် ‌ဝေယျာဝစ္စအဖွဲ့၊
_c၂၀၀၅။
300 _a၉၈ စာမျက်နှာ ၊
_bဓာတ်ပုံများ ၊
_c၂၁ စင်တီ။
500 _aS-SAT: Dr. Sai Aung Tun
650 _aမဟာဝိသုဒ္ဓါရုံ(ပါဠိတက္ကသိုလ်) - ရန်ကုန်၊
_955367
650 _aဗုဒ္ဓဘာသာဘုန်းတော်ကြီးကျောင်း၊
_945721
650 _aဘုန်းတော်ကြီးကျောင်း - မြန်မာနိုင်ငံ။
_957344
942 _2ddc
_cBK1
999 _c16803
_d16803